Дело об увольнении директора училищ Эстляндской губернии барона Х. фон Штакельберга за распространение им на уроках закона Божье...

Доступно только в Электронных читальных залах Найти на картеНа карте
RUSMARC
00004469nmc2a2200000 x 450
001c256051d-3c46-4d00-864b-58abd46c495e
00520171009125812.0
100##$a20140513l18341842k l0rusy0189 ca
1010#$arus
102##$aRU
2001#$aДело об увольнении директора училищ Эстляндской губернии барона Х. фон Штакельберга за распространение им на уроках закона Божьего учения гернгутской секты и о назначении на эту должность барона В.В. фон Россильона
$j1 марта 1834 г. - 29 июля 1842 г.
251##$cДело
300##$aДело
300##$aОриг. заголовок дела: Дело по донесению попечителя Дерптского учебного округа, касательно производимого директором Ревельской гимназии бароном фон Стахельбергом учения закона божьего в тамошней гимназии. 1 марта 1834 г. - 4 июля 1835 г
801#0$aRU
$bРГИА
$c20140513
$gRCR
801#1$aRU
$bГлавНИВЦ
$c20140513
$2rusmarc
801#2$aRU
$bПБ им. Б.Н. Ельцина
$c20171009
$gRCR
$2rusmarc
850##$aРГИА
852##$aРГИА
$eФедеральное казенное учреждение "Российский государственный исторический архив" (РГИА)
$j599
937##$hРГИА
$d11175626
$aASBIBLIO_SCAN
462#0$10015faafd89-1df2-4e8f-a0ba-1d8a620713c6
$12001
$aДела Департамента народного просвещения по Дерптскому учебному округу за 1802-1836 гг.
$1251
$cОпись
$1852
$j56
461#0$1001a74412a3-3cc5-4d21-8f0a-dfe2fbd9e72d
$12001
$aДепартамент народного просвещения Министерства народного просвещения (1803-1917)
$1251
$cФонд
$1852
$j733
215##$a260 л.
$d36,5х26 см
371##$aДокумент не является опубликованным и широко распространяемым
105##$ay###
1222#$ad
5171#$aДело по донесению попечителя Дерптского учебного округа, касательно производимого директором Ревельской гимназии бароном фон Стахельбергом учения закона божьего в тамошней гимназии. 1 марта 1834 г. - 4 июля 1835 г.
035##$ac256051d-3c46-4d00-864b-58abd46c495e
856##$uhttp://readingroom.main.prlib.ru/item.aspx?id_node=n106589989&mode=full
Формат отображения